000 01872nam a22002537a 4500
003 NALT
005 20251125232947.0
008 th tha d
040 _a์NALT
041 _atha
090 _aKR17
_bป238ร
110 0 _aกรมประชาสัมพันธ์. สำนักพัฒนานโยบายและแผนการประชาสัมพันธ์
245 1 0 _aรายงานผลการศึกษาโครงการสำรวจความคิดเห็น พ.ร.บ.การประชาสัมพันธ์แห่งชาติมีความจำเป็นต่อสังคมไทยหรือไม่
260 3 _aกรุงเทพฯ :
_bกรมประชาสัมพันธ์,
_cม.ป.ป.
300 _a60 หน้า :
_bแผนภูมิ, ตาราง ;
_c30 ซม.
610 _aกรมประชาสัมพันธ์. สำนักพัฒนานโยบายและแผนการประชาสัมพันธ์
650 0 4 _aร่างพระราชบัญญัติการประชาสัมพันธ์แห่งชาติ
650 0 4 _aการประชาสัมพันธ์แห่งชาติ (พ.ร.บ.) -- การสำรวจความคิดเห็น
650 0 4 _aการประชาสัมพันธ์แห่งชาติ (พ.ร.บ.) -- การสำรวจความคิดเห็นร่างพระราชบัญญัติการประชาสัมพันธ์แห่งชาติ
850 _aNALT
856 4 0 _uhttps://hdl.handle.net/20.500.14156/465368
942 _cLB
_2lcc
999 _c44099
_d44099
998 _j109
_k อารีรัตน์ วิชาช่าง